Loading...
| Literature - European | 0 | 7 | 0 | 1 | 70 | 46 | 94.29 | 1 | 6 | 0.00 | 0.00 |
| Literature - British | 0 | 5 | 0 | 0 | 50 | 77 | 106.60 | 1 | 3 | 0.00 | 0.00 |
| Literature - American | 0 | 5 | 2 | 1 | 40 | 75 | 98.40 | 1 | 3 | 0.00 | 0.00 |
| Social Science | 0 | 4 | 0 | 1 | 40 | 55 | 78.25 | 1 | 3 | 0.00 | 0.00 |
| Fine Arts - Classical Music | 0 | 3 | 0 | 0 | 30 | 84 | 106.00 | 0 | 2 | 0.00 | 0.00 |
| Literature - World | 0 | 4 | 3 | 0 | 25 | 69 | 103.75 | 0 | 0 | 0.00 | 0.00 |
| Science - Chemistry | 0 | 3 | 1 | 0 | 25 | 43 | 64.33 | 1 | 3 | 0.00 | 0.00 |
| Fine Arts - Other | 0 | 2 | 0 | 0 | 20 | 103 | 108.50 | 1 | 2 | 0.00 | 0.00 |
| Pop Culture | 0 | 2 | 0 | 0 | 20 | 17 | 19.50 | 2 | 2 | 0.00 | 0.00 |
| Science - Biology | 0 | 2 | 1 | 0 | 15 | 57 | 77.00 | 0 | 1 | 0.00 | 0.00 |
| Philosophy | 0 | 2 | 1 | 0 | 15 | 107 | 111.50 | 1 | 2 | 0.00 | 0.00 |
| Religion | 0 | 1 | 0 | 0 | 10 | 128 | 128.00 | 0 | 1 | 0.00 | 0.00 |
| Mythology | 0 | 1 | 0 | 0 | 10 | 130 | 130.00 | 0 | 1 | 0.00 | 0.00 |
| History - European | 0 | 1 | 0 | 1 | 10 | 133 | 133.00 | 0 | 0 | 0.00 | 0.00 |
| Science - Other | 0 | 1 | 0 | 0 | 10 | 109 | 109.00 | 0 | 0 | 0.00 | 0.00 |
| History - World | 0 | 1 | 0 | 0 | 10 | 77 | 77.00 | 0 | 1 | 0.00 | 0.00 |